000 00441nam a2200157 i 4500
001 37178
003 ES-MaACL
005 20230906155523.0
007 t|
008 030220q19001999xxu ||||1| eng d
100 1 _aBrown, John.
_932003
245 1 0 _aHorae subsecivae /
_cby John Brown.
260 _aLondon :
_bGeorge Routlege & Sons, [1910?] (
_eEdinburgh :
_fM. Laren and Co.)
300 _a230 p. ;
_c17 cm.
852 _aES-MaACL
_jG-14897
999 _c37178
_d37178